Normal view
MARC view
Entry Personal Name
001 - CONTROL NUMBER
- control field: 793277
003 - CONTROL NUMBER IDENTIFIER
- control field:
005 - DATE AND TIME OF LATEST TRANSACTION
- control field: 20210627055018.0
008 - FIXED-LENGTH DATA ELEMENTS
- fixed length control field: 210627|| aca||aabn | a|a d
040 ## - CATALOGING SOURCE
- Original cataloging agency:
- Transcribing agency:
100 ## - HEADING--PERSONAL NAME
- Personal name: Tannery, Jules,
- Dates associated with a name: 1848-1910
670 ## - SOURCE DATA FOUND
- Source citation: Work cat.: ()665202: Tannery, Jules, 1848-1910, Elements de la theorie des fonctions elliptiques /, 1893-1902
